01308 a2200229 45000010006000000050017000060080041000230030015000640400040000790800036001192450055001550200022002102640048002323000023002805050577003030410008008801000029008887000022009177000021009397000019009608560099009795289120260407155803.0260407a2007 arg spa dAR-UNSa-BCEJYS aAR-UNSa-BCEJYSbspacAR-UNSa-BCEJYS a330.322.12xInversión privada10aLa inversión privada en la Argentina (1950-2000) a978-950-9445-42-0 1aBuenos Aires :bTemas Grupo Editorialc2007 axi, 243 p.c22 cm. a1. La inversión privada: Concepto y relevancia para el caso argentino - 2. La teoría de la inversión - 3. Algunos hechos estilizados de la inversión privada en la Argentina - 4. La tasa de inversión en la Argentina 1950-2000 - 5. Composición de la inversión - 6. La contribución de la inversión al crecimiento económico - 7. La Argentina 1950-2000: Medio siglo de inestablilidad política y macroeconómica - 8. Incentivos a la inversión: Regímenes de promoción - 9. Comportamiento del ahorro interno y externo - 10. Incidencia de Riesgo País aspa1 aCoremberg, Ariel Alberto1 aMarotte, Baltazar1 aRubini, Héctor1 aTisocco, David41uhttps://www.biblioeco.unsa.edu.ar/pmb/images/libros/L128293.jpgyImagen de portadaqimage/jpeg